Marriages and families: making choices in a diverse society (Record no. 32316)

MARC details
000 -LEADER
fixed length control field 00406nam a2200157Ia 4500
020 ## - INTERNATIONAL STANDARD BOOK NUMBER
ISBN 978- 0- 495- 50405- 4
050 ## - CALL MARK
Classification number HQ 734.L22/
100 ## - STATEMENT OF RESPONSIBILITY--MAIN AUTHOR NAME
Personal name Lamanna, Mary Ann
245 #0 - TITLE STATEMENT
Title Marriages and families: making choices in a diverse society
250 ## - EDITION / VOLUME STATEMENT
Edition / Volume statement 10th ed.
260 ## - PUBLICATION, DISTRIBUTION, ETC. (IMPRINT)
Name of publisher Wadsworth
300 ## - PHYSICAL DESCRIPTION
Number of Pages 643 p
942 ## - ADDED ENTRY ELEMENTS (KOHA)
Koha item type Books
Holdings
Withdrawn status Lost status Source of classification or shelving scheme Damaged status Not for loan Permanent Location Current Location Date acquired Accession Number Price effective from Koha item type
    Library of Congress Classification     NILE UNIVERSITY OF NIGERIA - MAIN LIBRARY NILE UNIVERSITY OF NIGERIA - MAIN LIBRARY 04/23/2025 0004378 04/23/2025 Books